HOMOEOPATHIC OF MOTHER AND CHILD CARE(OBSTETRICS) (Record no. 18206)

MARC details
000 -LEADER
fixed length control field 00330nam a22001457a 4500
003 - CONTROL NUMBER IDENTIFIER
control field SGT
082 ## - DEWEY DECIMAL CLASSIFICATION NUMBER
Classification number 618.2
Item number H15C
100 ## - MAIN ENTRY--PERSONAL NAME
Personal name CCRH
245 ## - TITLE STATEMENT
Title HOMOEOPATHIC OF MOTHER AND CHILD CARE(OBSTETRICS)
260 ## - PUBLICATION, DISTRIBUTION, ETC. (IMPRINT)
Place of publication, distribution, etc DELHI
Name of publisher, distributor, etc CCRH
Year of Publication 2015
300 ## - PAGE DESCRIPTION
No. of Pages 270
650 ## - SUBJECT ADDED ENTRY--TOPICAL TERM
Topical term or geographic name as entry element HOMOEOPATHIC
653 ## - KEYWORDS--INDEX TERM
Keyword term MOTHER , CHILE CARE
942 ## - ADDED ENTRY ELEMENTS (KOHA)
Source of classification or shelving scheme Dewey Decimal Classification
Koha item type Books
Holdings
Withdrawn status Lost status Source of classification or shelving scheme Damaged status Not for loan Home library Current library Shelving location Date acquired Vendor Name Cost, normal purchase price Volume Information (Serial or Books or Non-Book Material) SGTU Bill Number Total Checkouts Full call number Accession No. (Barcode) Date last seen Bill Date Koha item type
    Dewey Decimal Classification     Homeopathy Library Homeopathy Library Text Book 07/06/2019 CCRH 500.00 1 SGTU 1011   618.2 H15C FH502 07/06/2019 27/07/2016 Books
    Dewey Decimal Classification     Homeopathy Library Homeopathy Library Text Book 07/06/2019 CCRH 500.00 1 SGTU 1011   618.2 H15C FH503 07/06/2019 27/07/2016 Books
    Dewey Decimal Classification     Homeopathy Library Homeopathy Library Text Book 07/06/2019 CCRH 500.00 2 SGTU 1011   618.2 H15C FH504 07/06/2019 27/07/2016 Books
    Dewey Decimal Classification     Homeopathy Library Homeopathy Library Text Book 07/06/2019 CCRH 500.00 2 SGTU 1011   618.2 H15C FH505 07/06/2019 27/07/2016 Books